Благополучие пожилых людей; Общество и непрерывное благополучие человека

Dades bibliogràfiques
Parent link:Общество и непрерывное благополучие человека.— 2014.— [С. 55-60]
Autor principal: Кашапова Э. Р. Эльмира Рамисовна
Autor corporatiu: Национальный исследовательский Томский политехнический университет (ТПУ) Институт социально-гуманитарных технологий (ИСГТ) Кафедра экономики (ЭКОН)
Altres autors: Гармаева А. А.
Sumari:Заглавие с экрана
В статье рассмотрены ключевые показатели благополучия пожилых людей: состояние здоровья, материальная обеспеченность, образование, состояние окружающей среды. На основе анализа данных социологических исследований показаны основные черты качества жизни пожилых людей в России.
Idioma:rus
Publicat: 2014
Col·lecció:Информационные технологии в исследовании систем управления эмоциональным и экономическим благополучием
Matèries:
Accés en línia:http://earchive.tpu.ru/handle/11683/21291
http://www.lib.tpu.ru/fulltext/c/2014/C55/015.pdf
Format: Electrònic Capítol de llibre
KOHA link:https://koha.lib.tpu.ru/cgi-bin/koha/opac-detail.pl?biblionumber=605329

MARC

LEADER 00000naa2a2200000 4500
001 605329
005 20260226144259.0
035 |a (RuTPU)RU\TPU\conf\2614 
035 |a RU\TPU\conf\2588 
090 |a 605329 
100 |a 20140409d2014 k y0rusy50 ca 
101 0 |a rus 
102 |a RU 
135 |a drcn ---uucaa 
181 0 |a i  
182 0 |a b 
200 1 |a Благополучие пожилых людей  |f Э. Р. Кашапова, А. А. Гармаева 
203 |a Текст  |c электронный 
215 |a 1 файл(459 Кб) 
225 1 |a Информационные технологии в исследовании систем управления эмоциональным и экономическим благополучием 
300 |a Заглавие с экрана 
320 |a [Библиогр.: с. 60 (6 назв.)] 
330 |a В статье рассмотрены ключевые показатели благополучия пожилых людей: состояние здоровья, материальная обеспеченность, образование, состояние окружающей среды. На основе анализа данных социологических исследований показаны основные черты качества жизни пожилых людей в России. 
337 |a Adobe Reader 
463 1 |0 (RuTPU)RU\TPU\conf\2055  |t Общество и непрерывное благополучие человека  |o сборник научных трудов Международного научного симпозиума студентов и молодых ученых, г. Томск, 27-30 марта 2014 г.  |f Национальный исследовательский Томский политехнический университет (ТПУ) ; под ред. Г. А. Барышевой и др.  |v [С. 55-60]  |d 2014 
610 1 |a электронный ресурс 
610 1 |a труды учёных ТПУ 
610 1 |a благополучие 
610 1 |a пожилые люди 
700 1 |a Кашапова  |b Э. Р.  |c экономист  |c cтарший преподаватель Томского политехнического университета  |f 1988-  |g Эльмира Рамисовна  |3 (RuTPU)RU\TPU\pers\28094  |9 13053 
701 1 |a Гармаева  |b А. А. 
712 0 2 |a Национальный исследовательский Томский политехнический университет (ТПУ)  |b Институт социально-гуманитарных технологий (ИСГТ)  |b Кафедра экономики (ЭКОН)  |3 (RuTPU)RU\TPU\col\18375 
801 1 |a RU  |b 63413507  |c 20101016 
801 2 |a RU  |b 63413507  |c 20220407  |g RCR 
856 4 |u http://earchive.tpu.ru/handle/11683/21291 
856 4 |u http://www.lib.tpu.ru/fulltext/c/2014/C55/015.pdf 
942 |c CF